| 000 | 00471nam a2200181Ia 4500 | ||
|---|---|---|---|
| 001 | 22787 | ||
| 005 | 20260414150854.0 | ||
| 008 | 260414t2024||||xx |||||||||||||| ||spa|| | ||
| 041 | _aESP | ||
| 082 |
_a622.0985 _bS53 |
||
| 100 |
_aSifuentes Briceño, Mario, _eAUT |
||
| 245 | 0 |
_aLa minería moderna : _bntegración del Perú a la clase mundial |
|
| 260 | _c2024 | ||
| 300 |
_a360 páginas : _c26 cm. |
||
| 650 | _aGEN | ||
| 654 | _aCHU | ||
| 942 |
_cLIB _dJUS _fJUS _2ddc _n |
||
| 999 |
_c22787 _d22787 |
||